Statistics for Cars makes

Click here to take the quiz!

General Stats

  • This quiz has been taken 57 times
  • The average score is 7 of 9

Answer Stats

HintAnswer% Correct
ToyotaJapan
100%
FerrariItaly
98%
FordUSA
98%
BmwGermany
96%
Land roverUk
85%
JaguarUk
85%
KiaSouth korea
83%
LadaRussia
63%
FiatItlay
7%

Score Distribution

Percentile by Number Answered

Percent of People with Each Score

Your Score History

You have not taken this quiz